La vida después de la muerte / (Registro nro. 145558)

Detalles MARC
000 -LEADER
campo de control de longitud fija 00751nam a2200229 i 4500
001 - NÚMERO DE CONTROL
campo de control 145558
003 - IDENTIFICADOR DE NÚMERO DE CONTROL
campo de control ES-MaACL
005 - FECHA Y HORA DE LA ÚLTIMA TRANSACCIÓN
campo de control 20250808011539.0
007 - CAMPO FIJO DE DESCRIPCIÓN FÍSICA--INFORMACIÓN GENERAL
campo de control de longitud fija t|
008 - DATOS DE LONGITUD FIJA--INFORMACIÓN GENERAL
campo de control de longitud fija 071015s1977 sp ||||1| spa d
245 03 - MENCIÓN DEL TÍTULO
Título La vida después de la muerte /
Mención de responsabilidad, etc. [por] Arnold Toynbee, Arthur Koestler y otros ; traducción [del inglés] de Carlos Gardini.
260 ## - PUBLICACIÓN, DISTRIBUCIÓN, ETC.
Lugar de publicación, distribución, etc. Barcelona :
Nombre del editor, distribuidor, etc. Edhasa,
Fecha de publicación, distribución, etc. [1977]
300 ## - DESCRIPCIÓN FÍSICA
Extensión 391 p. ;
Dimensiones 20 cm.
490 1# - MENCIÓN DE SERIE
Mención de serie Perspectivas
650 17 - PUNTO DE ACCESO ADICIONAL DE MATERIA--TÉRMINO DE MATERIA
Término de materia o nombre geográfico como elemento de entrada Vida futura
Fuente del encabezamiento o término embne
9 (RLIN) 17794
700 1# - ENTRADA AGREGADA--NOMBRE PERSONAL
Nombre de persona Gardini, Carlos.
9 (RLIN) 55503
700 1# - ENTRADA AGREGADA--NOMBRE PERSONAL
Nombre de persona Toynbee, Arnold Joseph.
9 (RLIN) 111194
700 1# - ENTRADA AGREGADA--NOMBRE PERSONAL
Nombre de persona Koestler, Arthur,
Fechas asociadas al nombre 1905-1983
9 (RLIN) 68460
830 0# - PUNTO DE ACCESO ADICIONAL DE SERIE-TÍTULO UNIFORME
Título uniforme Perspectivas
9 (RLIN) 183529
852 ## - LOCALIZACIÓN
Ubicación ES-MaACL
Número de control de estantería L-2899
Sublocalización o colección R.103745
Existencias
Estatus retirado Estado de pérdida Estado de daño No para préstamo Biblioteca de origen Biblioteca actual Ubicación en estantería Fecha de adquisición Fuente de adquisición Total de préstamos Signatura topográfica completa Código de barras Visto por última vez Precio de reemplazo Tipo de ítem Koha
        Biblioteca del Ateneo de Madrid Biblioteca del Ateneo de Madrid Depósito 2 17/01/2008     L-2899 1151936 23/02/2023 23/02/2023 Libro impreso